Khảo sát sự hiện diện của Escherichia coli sinh beta-lactamase phổ rộng trên gà bệnh ở tỉnh Vĩnh Long : Luận văn thạc sĩ khoa học nông nghiệp. Chuyên ngành Thú y
Khảo sát sự hiện diện vi khuẩn Escherichia coli sinh beta-lactamase phổ rộng trên gà ở tỉnh Vĩnh Long
Sparad:
| Huvudupphovsman: | |
|---|---|
| Materialtyp: | Bok |
| Språk: | Undetermined |
| Publicerad: |
Cần Thơ
Trường Đại học Cần Thơ
2016
|
| Ämnen: | |
| Taggar: |
Lägg till en tagg
Inga taggar, Lägg till första taggen!
|
| Thư viện lưu trữ: | Trung tâm Học liệu Trường Đại học Cần Thơ |
|---|
| LEADER | 01024nam a2200229Ia 4500 | ||
|---|---|---|---|
| 001 | CTU_214704 | ||
| 008 | 210402s9999 xx 000 0 und d | ||
| 082 | |a 636.5089 | ||
| 082 | |b D513 | ||
| 088 | |a 60640101 | ||
| 100 | |a Nguyễn, Thị Kim Dung | ||
| 245 | 0 | |a Khảo sát sự hiện diện của Escherichia coli sinh beta-lactamase phổ rộng trên gà bệnh ở tỉnh Vĩnh Long : | |
| 245 | 0 | |b Luận văn thạc sĩ khoa học nông nghiệp. Chuyên ngành Thú y | |
| 245 | 0 | |c Nguyễn Thị Kim Dung ; Lưu Hữu Mãnh (Cán bộ hướng dẫn) | |
| 260 | |a Cần Thơ | ||
| 260 | |b Trường Đại học Cần Thơ | ||
| 260 | |c 2016 | ||
| 520 | |a Khảo sát sự hiện diện vi khuẩn Escherichia coli sinh beta-lactamase phổ rộng trên gà ở tỉnh Vĩnh Long | ||
| 650 | |a Bệnh gia cầm,Poultry deseases | ||
| 904 | |i Nguyên | ||
| 910 | |a Khoa | ||
| 980 | |a Trung tâm Học liệu Trường Đại học Cần Thơ | ||